| 000 | 00867nam a22002177a 4500 | ||
|---|---|---|---|
| 999 |
_c17165 _d17165 |
||
| 003 | AR-CdUCM | ||
| 008 | 190507b ||||| |||| 00| 0 esp d | ||
| 040 |
_aMUNICIPALIDAD PROVINCIAL DEL CUSCO _cBIBLIOTECA MUNICIPAL DEL CUSCO |
||
| 082 |
_a808.3 / _bM449 |
||
| 100 |
_aMaugham, William Somerset _910511 |
||
| 245 |
_aDiez grandes novelas y sus autores / _cWilliam Somerset Maugham ; traducción de Fabián Chueca. |
||
| 260 |
_aBarcelona : _bPlaza & Janes, _c1960. |
||
| 300 |
_a329 páginas; _c21 cm. |
||
| 505 | _aEl arte de novelar -- Jane Austen - Orgullo y prejuicio -- Balzac - Papá Goriot -- Herman Melville - Moby Dick -- Emilia Brontë - Cumbres borrascosas ... | ||
| 650 |
_aNovela _95 |
||
| 650 |
_aHistoria y crítica _95993 |
||
| 650 |
_aSiglo XIX. _9971 |
||
| 700 |
_aEnrique de Juan _937028 |
||
| 942 |
_2ddc _cLIBROS |
||
| 945 |
_aacrt _d2019-05-07 |
||